| 000 | 02215nam a2200301 i 4500 | ||
|---|---|---|---|
| 001 | 161425 | ||
| 003 | ES-MaACL | ||
| 005 | 20250820063050.0 | ||
| 008 | 950103m18881893sp |||| | spa d | ||
| 100 | 1 |
_aParets, Miquel, _d1610-1661 _9173175 |
|
| 245 | 1 | 0 |
_aDe los muchos sucesos dignos de memoria que han ocurrido en Barcelona y otros lugares de Cataluña : _bentre los años de 1626 a 1660 / _ccrónica escrita por Miguel Parets. |
| 260 |
_aMadrid : _b[Real Academia de la Historia], _c1888-1893 ( _fImp. y Fundición de Manuel Tello) |
||
| 300 |
_a6 v. ; _c23 cm. |
||
| 490 | 1 |
_aMemorial histórico español: colección de documentos, opúsculos y antigüedades que publica la Real Academia de la Historia ; _v20-25 |
|
| 505 | 8 | _aContiene: I. Comprende desde el 26 de marzo de 1626 hasta el 23 de julio de 1640 - II. Comprende desde el 23 de julio de 1640 hasta los primeros días de diciembre de dicho año - III. Comprende desde el 1º de diciembre de 1640 hasta los primeros días de abril de 1641 - IV. Comprende desde los últimos días de marzo de 1641 hasta noviembre del mismo año - V. Comprende desde noviembre de 1641 hasta junio de 1652 - VI. Comprende desde junio de 1652 hasta 21 de febrero de 1660. | |
| 530 | _aParcialmente disponible en formato digital. | ||
| 597 | _aI (XXVII, 440 p., [1] h. pleg. de lám.) - II (XXIX, 494 p.) - III (XXX, 482 p.) - IV (XI, 559 p.) - V (VII, 488 p.) - VI (VIII, 829 p.) | ||
| 651 | 4 |
_aCataluña- _xHistoria- _y1640-1652, Revolución. _9154097 |
|
| 651 | 4 |
_aCataluña- _xHistoria- _yS.XVII. _9164800 |
|
| 710 | 2 |
_aReal Academia de la Historia (España) _96309 |
|
| 830 | 0 | 0 |
_aMemorial histórico español _v20-25 _9187759 |
| 852 |
_aES-MaACL _jC-19325-30 _z- Enc. hol. |
||
| 856 |
_uhttps://archive.org/details/delosmuchossuces20pare/page/n5/mode/2up _zInternet Archive _z(V. 1) |
||
| 856 |
_uhttps://archive.org/details/delosmuchossuces21pare/page/n7/mode/2up _zInternet Archive _z(V. 2) |
||
| 856 |
_uhttps://archive.org/details/delosmuchossuces24pare/page/n7/mode/2up _zInternet Archive _z(V. 5) |
||
| 856 |
_uhttps://archive.org/details/delosmuchossuces25pare/page/n7/mode/2up _zInternet Archive _z(V. 6) |
||
| 999 |
_c161425 _d161425 |
||